[Event "SUI-chT"]
[Site "Switzerland"]
[Date "2008.09.20"]
[Round "8.1"]
[White "Pelletier, Yannick"]
[Black "Volke, Karsten"]
[Result "1-0"]
[WhiteElo "2600"]
[BlackElo "2480"]
[Annotator "Pelletier,Y"]
[PlyCount "107"]
[EventDate "2008.03.02"]
[EventType "team-tourn"]
[EventRounds "9"]
[EventCountry "SUI"]
[SourceTitle "EXT 2010"]
[Source "ChessBase"]
[SourceDate "2010.11.25"]
[SourceVersion "1"]
[SourceVersionDate "2010.11.25"]
[SourceQuality "1"]
[WhiteTeam "Zuerich"]
[BlackTeam "Reichenstein"]
[WhiteTeamCountry "SUI"]
[BlackTeamCountry "SUI"]

1. d4 Nf6 2. c4 e6 3. Nf3 b6 4. g3 Ba6 5. b3 Bb4+ 6. Bd2 Be7 7. Bg2 c6 8. Qc2
d5 9. O-O Nbd7 10. Bf4 O-O 11. Rd1 Rc8 12. Nc3 Nh5 13. Bc1 f5 {Dieser Aufbau
ist natürlich ganz gut spielbar, aber Schwarz verfügt in dieser Variante über
sicherere Methoden, sich zu behaupten.} 14. e3 (14. a4 {ist vermutlich etwas
genauer.}) 14... Bd6 15. a4 Nhf6 16. a5 b5 17. c5 Bc7 18. Na2 Nb8 19. Nb4 Nfd7
{Die schwarze Stellung ist passiv aber fest.} 20. Bb2 Qe7 21. Nd3 g5 22. h3 {
Käme Schwarz ungestört zu g4-h5, würde Weiß keine Fortschritte mehr machen
können. Der "Konter" g3-g4 muss also vorbereitet werden.} Rf7 23. b4 Rcf8 24.
Qe2 Bc8 25. Rf1 Rg7 26. g4 ({Eine auf keinen Fall forcierte aber lustige
Variante lautet} 26. Nfe5 Nxe5 27. dxe5 Nd7 28. f3 h5 (28... f4 29. exf4 gxf4
30. g4 $14) 29. e4 g4 30. exd5 gxh3 31. d6 Qg5 32. dxc7 Qxg3 33. Rf2 Rff7 34.
Kh1 hxg2+ 35. Rxg2 Qxg2+ 36. Qxg2 Rxg2 37. Kxg2 Nf8 38. Nf4 h4 39. Rd1 Rxc7 40.
Kh3 {mit weißem Vorteil im Endspiel.}) 26... h5 {Die schwarzen Türme stehen
gut, während Weiß nicht genug Zeit hatte, sich auf die Öffnung des
Königsflügels vorzubereiten. Weiß muss also auf der Hut sein.} 27. Nfe5 (27.
gxh5 $6 g4 28. hxg4 fxg4 29. Nfe5 Nxe5 30. dxe5 Qh4 $132) 27... Nxe5 28. dxe5 (
{Einen Springer nach e5 zu stellen war wohl nötig, aber Weiß sollte auch nicht
unnötig die passiven schwarzen Leichtfiguren abtauschen. Zu unklarem Spiel
führen, würde} 28. Nxe5 Bxe5 29. dxe5 hxg4 30. hxg4 Bd7 (30... Nd7 31. f3 fxg4
32. fxg4 Rxf1+ 33. Rxf1 $14) 31. gxf5 Rxf5 32. e4 Rf4) 28... hxg4 (28... Bd7
29. gxf5 exf5 30. Qxh5) (28... Nd7 29. gxh5 $5 (29. f3 hxg4 30. fxg4 Rh7) 29...
g4 30. hxg4 Rxg4 31. f3 Rh4 32. f4 $14 Rg4 $140 33. Rf3 Qh4 34. Nf2 $16) 29.
hxg4 fxg4 $6 (29... Nd7 {wäre ganz kompliziert, Weiß kann ja seinen Ra1
momentan nicht gut zum Königsflügel bringen.}) 30. Qxg4 Bd7 31. Bh3 (31. f3 Be8
32. Bd4 Bg6 33. Nf2 $14 {/\ Qg3-Ng4-Kf2-Rh1}) 31... Rf5 ({Der überraschende Zug
} 31... Rf4 {gleicht nicht aus:} 32. exf4 (32. Qg3 Rc4 $13) 32... gxf4 33.
Qxg7+ Qxg7+ 34. Kh2 Qh7 35. Rg1+ Kf8 36. Nxf4 Qe4 37. Ng6+ Ke8 38. Rg4 Qe2 39.
Bd4 $14) 32. f3 Rh7 33. Qg3 Rff7 34. Nf2 $6 ({Der lange Sprung nach f6 ist zu
optimistisch, aber wegen Zeitmangel sah ich mich gezwungen, eher auf Gefühl
spielen. Besser war} 34. Kf2 Be8 35. Ke2 Nd7 36. Rh1 Rfg7 37. Rag1 $36) 34...
Be8 35. Ng4 Nd7 36. Rae1 Kh8 $6 (36... Rfg7 $6 37. e4 Bh5 38. exd5 exd5 39. Bc3
$36) ({Nach} 36... Rh4 37. Bg2 Rfh7 38. f4 Qg7 39. e4 Bh5 40. Nf6+ Nxf6 41.
exf6 Qg6 {gelingt es mir aber, keinen weißen Vorteil nachzuweisen:} 42. exd5 (
42. f7+ Kf8 $5) (42. Qxg5 Rg4 43. Qxg6+ Bxg6 44. f5 Bh2+ 45. Kf2 Bg3+ 46. Kg1
Bh2+ 47. Kf2 $11) 42... exd5 43. f7+ (43. Re6 Rg4) 43... Qxf7 44. Qxg5+ Bg6 45.
Be5 R7h5 46. Qg3 Bd8 {und der Kampf geht weiter.}) 37. Kg2 Qf8 $6 {Die
Überführung der Dame auf die g-Linie bringt nur Probleme.} (37... Rh4 $6 38.
Rh1 Rfh7 39. Nf6 Rxb4 (39... Nxf6 40. exf6 $18) 40. Bc3 {verliert die Qualität}
) ({Relativ besser war} 37... Rf8 38. Rh1 Qg7 39. e4 dxe4 40. Rxe4 Bg6 41. Rd4
$36) 38. Rh1 Qg8 (38... Qg7 39. e4 dxe4 40. Rxe4 $16) 39. Qf2 $2 $138 ({
Neben der taktischen Finesse} 39. Nh6 $1 Rxh6 $2 (39... Qg6 $142 40. Nxf7+ Bxf7
41. Bd4 $16) 40. Bxe6 $18) ({verpasste ich auf das sofortige} 39. e4 dxe4 40.
Rxe4 Qg6 41. Qe1 $16) 39... Qg6 40. Qe2 Rh4 41. e4 dxe4 (41... Rfh7 42. exd5
cxd5 43. c6 (43. Qxb5 Nf8 44. Qe2 Qf5 45. Nf2 $14) 43... Nb8 44. Nf6 Nxc6 45.
Nxh7 Kxh7 46. Rc1 $16) 42. Qxe4 {Das Zentrum hat sich geöffnet, konkrete
Aktion ist zu erwarten.} Nf8 (42... Rf4 43. Qxg6 Bxg6 44. Rd1 $1 (44. Bc3 Rc4 (
44... Bf5 45. Rd1 $16) 45. Re3 Bf5 $132) 44... Rxb4 45. Ba3 Rbxg4+ 46. Bxg4
Rxh1 47. Kxh1 Nf8 48. Bb2 $16) 43. Bc1 ({Für} 43. Nf6 $2 {ist es zu früh:} Rxe4
44. fxe4 (44. Rxe4 Rh7 $1 $19) (44. Bf5+ Rh4 45. Bxg6 Nxg6) 44... g4 $1 (44...
Rh7 45. Bf5 $1 exf5 46. e6 $18) 45. Bxg4+ Nh7 $19) 43... Qh5 $6 (43... Rf5 $6
44. Nf2 $1 Kg8 (44... Rxe4 45. Bxf5+ $18) (44... Rxe5 45. Qxg6 Nxg6 46. Bb2 $18
) 45. Bxf5 exf5 46. Qe3 Rxb4 47. e6 $16) ({Nach dem besseren} 43... Qg7 {
schlägt der Computer den prophylaktischen Zug} 44. Qb1 $5 {, der gegen} Ng6 {
mittels} 45. Bxg5 Nf4+ 46. Bxf4 Rxf4 47. Kg3 $16 {Vermutlich steht Weiß nach
44.Qb1 besser.}) 44. Nf6 $1 {Die entscheidende Abwicklung in ein Endspiel, wo
Weiß zwangsläufig einen Bauern gewinnt.} Rxe4 (44... Rxf6 {scheitert an} 45.
Bg4 Rh6 (45... Qh6 46. Rxh4 Qxh4 47. Rh1 $18) 46. Bxh5 Rxe4 47. Bxe8 $18) 45.
Nxh5 Rxe1 (45... Rxb4 46. Nf6 Re7 47. Bxg5 Kg7 48. Nh7 $5 $18) 46. Rxe1 Ng6 (
46... Bd8 47. Nf6 $1) (46... Nh7 47. Bxe6) 47. Bxg5 Nxe5 (47... Bxe5 48. Bxe6
$18) 48. Bf6+ (48. f4 Rd7 49. Bxe6 Rd2+ 50. Kh3 Rd3+ 51. Ng3 $18) 48... Rxf6
49. Nxf6 Bf7 $6 50. Rd1 (50. Bxe6 $1 Bxe6 51. Rh1+ Kg7 52. Ne8+ $18) 50... Kg7
51. Ng4 Ng6 52. Rd7 Nf4+ 53. Kh1 Nd5 54. Ne3 1-0

[Event "EU-chT (Men) 16th"]
[Site "Heraklion"]
[Date "2007.10.31"]
[Round "4.1"]
[White "Stefansson, Hannes"]
[Black "Pelletier, Yannick"]
[Result "0-1"]
[WhiteElo "2574"]
[BlackElo "2609"]
[Annotator "Pelletier,Y"]
[PlyCount "68"]
[EventDate "2007.10.28"]
[EventType "team-swiss"]
[EventRounds "9"]
[EventCountry "GRE"]
[SourceTitle "CBM 121"]
[Source "ChessBase"]
[SourceDate "2007.11.14"]
[SourceVersion "1"]
[SourceVersionDate "2007.11.14"]
[SourceQuality "1"]
[WhiteTeam "Iceland"]
[BlackTeam "Switzerland"]
[WhiteTeamCountry "ISL"]
[BlackTeamCountry "SUI"]

1. d4 Nf6 2. c4 e6 3. Nf3 b6 4. g3 Ba6 5. Qc2 Bb4+ 6. Nbd2 ({Prinzipieller ist
m.E.} 6. Bd2) 6... O-O 7. Bg2 d5 8. a3 {Dieser Zug wurde nur einmal 1971 von
Kortschnoj gespielt. Die Hauptfortsetzung ist 8.0-0.} Bxd2+ 9. Nxd2 c5 10. dxc5
bxc5 11. O-O ({Kortschnoj spielte} 11. b4 Nbd7 12. O-O {erreichte aber keinen
Vorteil nach} cxb4 13. axb4 Bxc4 14. Nxc4 Rc8 15. Qa4 Rxc4 16. Qxa7 Qb8 {
Kortschnoj-Parma, Yerevan 1971}) ({Nach} 11. cxd5 exd5 12. Qxc5 Re8 13. O-O (
13. e3 Nbd7 $40) 13... Bxe2 14. Re1 {steht Schwarz aktiver:} Nbd7 (14... Na6
15. Qd4 Nc7 16. b4 Nb5 17. Qf4 Rc8 18. Bb2 d4 19. Nb3 d3 20. Bxf6 Qxf6 21. Qxf6
gxf6 $13) 15. Qd4 Rc8 16. b4 Nb8 $1 17. Bb2 Rc2 $36) 11... Qb6 {Weiss wird auf
d5 nicht tauschen, da sonst der Ba6 sehr stark würde. Daher bereite ich mich
darauf, mittels d4-e5 im Zentrum Raum zu gewinnen.} 12. b3 (12. b4 {geht nicht
gut wegen} cxb4 13. Rb1 (13. axb4 Rc8 $15) 13... Nc6 14. axb4 Nd4 $36) 12...
Nc6 13. e3 (13. Bb2 d4) (13. cxd5 $2 Nd4) 13... Rad8 ({Ich wurde optimistisch
und fing an, auf Vorteil zu spielen. Die richtige Turmstellung war aber} 13...
Rab8 {[%cal Gd2b3]}) 14. Rd1 $1 d4 15. Nf3 e5 $6 ({Ich zögerte zwischen dem
Partiezug und der Fortsetzung} 15... Bb7 16. exd4 Nxd4 17. Nxd4 Bxg2 18. Kxg2
cxd4 {Die schwarze Stellung ist hier in Ordnung, man sehe:} 19. f3 (19. Bf4
Rfe8) (19. Bg5 e5) (19. Bb2 e5 20. b4 Qc6+ 21. f3 Nd5) 19... e5 $13) 16. exd4
Nxd4 (16... exd4 17. Bg5) (16... e4 $2 17. dxc5) 17. Nxd4 exd4 18. b4 {Diesen
logischen Zug hatte ich unterschätzt. Weiss besitzt das Läuferpaar, Schwarz
muss mit seinen Zentrumsbauern vorsichtig sein.} Rc8 $5 ({Kein Tempoverlust,
denn die Lage hat sich völlig geändert. Schwarz versucht gegen c4 Druck
auszuüben, um auszugleichen.} 18... Bc8 {[%csl Gd3][%cal Gc8g4,Gg4h5,Gh5g6]
ging leider nicht wegen} 19. Bb2 Bg4 20. f3 Be6 (20... Bh5 $2 21. bxc5 Qxc5 22.
Qd3 $18 {[%csl Gd4]}) 21. Qf2 $1) 19. Rb1 $6 ({Weiss hätte sich mit dem
bescheidenem} 19. Bb2 {begnügen sollen. Das Läuferpaar dominiert und
garantiert einen leichten Vorteil nach} Rfd8 20. bxc5 Qxc5 21. Rac1 Rd6 (21...
Qxc4 $2 22. Qxc4 Rxc4 23. Rxc4 Bxc4 24. Rxd4 Rxd4 25. Bxd4 $16) (21... Bxc4 $2
22. Bf1 $18) 22. Qd2 $14) 19... Rfd8 20. Bg5 (20. Bh3 Rc7 21. Bf4 Re7 $13)
20... cxb4 21. Rxb4 Qe6 22. Bf1 (22. c5 d3 $13) 22... h6 23. Bc1 ({
Vernünftiger war} 23. Bxf6 Qxf6 $11 {Stefansson spielt aber auf Vorteil und
verliert den Faden.}) 23... Ng4 24. Bh3 $2 ({Nach diesem groben Fehler ist es
praktisch vorbei. Schlecht war ebenfalls} 24. Bd3 $6 Ne5 $1 (24... g6) 25. Bh7+
Kh8 26. Bf5 Rxc4 27. Qe4 Qc6 $17) ({aber} 24. Bb2 {hätte noch zum Ausgleich
genügt:} Ne5 25. Qe4 Bxc4 26. Bxc4 Nxc4 27. Qxe6 fxe6 28. Rxd4 $11) 24... Rxc4
({Stärker als} 24... d3 25. Qc3 Rxc4 (25... Qe2 26. Bxg4 Qxg4 27. Rxd3 Rxd3 28.
Qxd3 Bxc4 $15) 26. Rxc4 Bxc4 27. Bb2 f6 $17) 25. Qb2 $6 (25. Rxc4 Bxc4 $17 {/-+
}) 25... Rxb4 26. axb4 (26. Qxb4 Qe2 27. Bxg4 Qxg4 $19) 26... Bb7 $19 27. Rf1 (
27. Rxd4 Rxd4 28. Qxd4 Qe1+ 29. Bf1 Ba6 $19) (27. Bg2 Bxg2 28. Kxg2 Qd5+ 29. f3
Ne5 $19) 27... Qd5 28. f3 Ne5 (28... Ne3 29. Bxe3 dxe3 $19) 29. Bg2 Nc4 30. Qa2
(30. Qf2 d3) 30... d3 31. Rf2 Qd4 (31... d2 32. Bxd2 Nxd2 33. Qxd5 Rxd5 34. f4
Ne4 $1 $19) 32. Bd2 Re8 (32... Nxd2 33. Qxd2 Rc8 $19) 33. Bf1 Ne5 34. Bg2 Nxf3+
0-1

[Event "FRA-chT Top 16 Gp Haute"]
[Site "Evry"]
[Date "2008.06.01"]
[Round "11"]
[White "Tkachiev, Vladislav"]
[Black "Pelletier, Yannick"]
[Result "1/2-1/2"]
[WhiteElo "2657"]
[BlackElo "2607"]
[Annotator "Pelletier,Y"]
[PlyCount "58"]
[EventDate "2008.05.29"]
[EventType "team"]
[EventRounds "11"]
[EventCountry "FRA"]
[SourceTitle "CBM 125"]
[Source "ChessBase"]
[SourceDate "2008.07.30"]
[SourceVersion "1"]
[SourceVersionDate "2008.07.30"]
[SourceQuality "1"]

1. d4 Nf6 2. c4 e6 3. Nf3 b6 4. g3 Ba6 5. Qc2 Bb4+ 6. Bd2 Be7 7. e4 d5 8. cxd5
Bxf1 9. Kxf1 exd5 10. e5 Ne4 11. Nc3 Nxc3 12. bxc3 Qd7 13. h4 ({Normalerweise
geschieht hier} 13. Kg2 {, aber Tkachiev führte diesen Zug schnell aus. Etwas
hatte er wohl vorbereitet!}) 13... h6 ({In einer Schnellpartie
Sakaev-Tomashevsky wurde hier} 13... Nc6 {gespielt, wonach Weiß "normal" mit
14.Kg2 spielte. Aber mir war unklar, wie ich auf} 14. Ng5 $1 {reagieren sollte.
Nach über 40 Minuten entschied ich, dass Schwarz hier nicht ausgleichen kann,
z.B:} Bxg5 (14... Nd8 15. Nxh7 Ne6 16. Kg2 O-O-O {ist leider ein Bauer ohne
wirkliche Kompensation.}) (14... Na5 15. Nxh7 (15. Re1 $5 Nc4 $140 16. e6 $40)
15... Nc4 16. Ng5 (16. Bf4 $6 Na3 17. Qd3 Qb5) 16... Bxg5 17. Bxg5 {und wieder
ist die Kompensation kaum erkennbar.}) 15. hxg5 g6 (15... O-O-O 16. Rxh7 g6 17.
Rh6 Na5 (17... Rxh6 18. gxh6 Qh3+ 19. Kg1 Ne7 20. Bg5 Rh8 21. Bxe7 Rxh6 22. Bh4
$18) 18. Kg2 $16) 16. Kg2 O-O-O 17. Rh6 $16 {Schwarz hat kein Gegenspiel.}) 14.
e6 ({Dieser Zug ist verlockend, reicht aber nicht zum Vorteil. Ich hatte mir
eher um die Fortsetzung} 14. Kg2 Nc6 15. c4 Nd8 {Sorgen gemacht, da nun} 16. e6
{fxe6 unmöglich ist. Es muss also 16...} Nxe6 {geschehen, wonach Schwarz die
Stellung zu halten scheint:} 17. Ne5 Qd6 18. Qa4+ Kf8 $13) 14... Qxe6 15. Re1
Qd6 ({Meine erste Absicht war hier} 15... Qf6 $2 {, aber nach} 16. Ne5 $1 {
konnte ich keine befriedigende Antwort finden.}) 16. Bf4 Qd8 17. Kg2 ({Die
Alternative lautet} 17. Ne5 O-O 18. Qf5 ({oder} 18. g4 Bd6 (18... Bxh4 19. Nf3
Qf6 20. Rxh4 Qxf4 21. g5 $1 $40 Qxf3 $140 $2 22. Re3 $18) 19. g5 h5 {, und
Schwarz steht in Ordnung}) 18... Bd6 {, wonach ich die folgende Fortsetzung
gerechnet hatte:} 19. Ng6 Re8 20. Rxe8+ Qxe8 21. Bxd6 cxd6 22. Qxd5 Nc6 $1 (
22... Nd7 $6 23. Ne7+ {und d6 fällt}) 23. Qxc6 fxg6 24. Qd5+ (24. Qxd6 Qe4 $36)
24... Kh7 25. Kg2 Rc8 $11) 17... Nc6 18. Qa4 Qd7 19. Re2 ({Nach} 19. c4 {ist}
Rd8 {am sichersten,} ({denn} 19... dxc4 {ist wegen} 20. d5 {gefährlich, z.B:}
Na5 (20... Qxd5 21. Rxe7+ $1 Kxe7 22. Rd1 Qc5 23. Be3 $16) 21. Qxd7+ Kxd7 22.
Ne5+ Ke8 23. Bd2 $36) (19... O-O-O {ist zwar möglich, erschien mir aber als zu
gefährlich. Nach} 20. Qa6+ (20. Rxe7 Nxe7 21. Qxa7 Qc6 22. Ne5 Qb7 23. Qxb7+
Kxb7 24. Nxf7 Ng6 {und Schwarz wird dieses Endspiel halten.}) 20... Kb8 21. c5
Nb4 22. Qa3 Nc2 23. Qa6 $11 {erzwingt Schwarz aber die Zugwiederholung.}) 20.
Rc1 O-O (20... Nb4 21. Qxd7+ Rxd7 22. Ne5 $44) 21. cxd5 Nb4 22. Qxd7 Rxd7 23.
Ne5 Rdd8 $5 $11) 19... Rd8 (19... O-O-O $2 20. Rxe7 $1 Nxe7 21. Qxa7 Qc6 22.
Ne5 Qb7 23. Qxb7+ Kxb7 24. Nxf7 $16) 20. c4 ({Die ausgleichende Ressource} 20.
Bxc7 Qxc7 21. Ne5 {hatte ich völlig übersehen!}) 20... O-O ({Weiß besitzt nach
} 20... dxc4 21. Qxc4 {genug Kompensation} (21. d5 $2 Qxd5 22. Rd2 Qc5 $17))
21. cxd5 Nb4 (21... Qxd5 $2 {verliert wegen} 22. Rc1 b5 23. Qb3 {Material}) 22.
Qxd7 Rxd7 23. Ne5 Rxd5 24. a3 Na6 25. Ng6 ({Nach} 25. Nc6 Bd6 {könnte Schwarz
um Vorteil kämpfen}) 25... fxg6 26. Rxe7 Rf7 27. Re8+ Rf8 ({Angesichts der
Matchsituation entschied mein Teamcaptain, dass ein Remis günstig wäre,
weshalb ich den Zug} 27... Kh7 {nicht versuchte. Schwarz steht in der
Hauptvariante} 28. Rhe1 (28. Be3 Ra5) 28... Rxd4 29. Ra8 g5 {(sonst Ree8 mit
unabwendbarem Matt)} 30. hxg5 hxg5 31. Bxg5 c6 32. f4 {etwas besser, darf aber
die gegnerische Aktivität am Königsflügel nicht unterschätzen.}) 28. Re7 Rf7
29. Re8+ Rf8 {Nach weiteren 3 Stunden sicherte mein Team Clichy das
Unentschieden und somit den Titel!} 1/2-1/2

[Event "Nancy-A"]
[Site "Nancy"]
[Date "2010.02.25"]
[Round "5"]
[White "Granda Zuniga, Julio E"]
[Black "Pelletier, Yannick"]
[Result "0-1"]
[WhiteElo "2640"]
[BlackElo "2602"]
[Annotator "Pelletier,Y"]
[PlyCount "80"]
[EventDate "2010.02.22"]
[EventType "tourn"]
[EventRounds "9"]
[EventCountry "FRA"]
[EventCategory "11"]
[SourceTitle "CBM 135"]
[Source "ChessBase"]
[SourceDate "2010.03.17"]
[SourceVersion "1"]
[SourceVersionDate "2010.03.17"]
[SourceQuality "1"]

1. d4 Nf6 2. c4 e6 3. Nf3 b6 4. g3 Ba6 5. Nbd2 {Der Peruaner bereitet sich auf
seine Partien nur wenig vor. Daher weiß man auch nie genau, welche Eröffnung
vorkommen kann.} d5 6. cxd5 exd5 7. Bg2 Bd6 8. O-O O-O 9. b3 Nbd7 10. Bb2 Re8
11. Re1 Bb7 (11... Qe7 12. e3 Rad8 {ist eine andere Möglichkeit.}) 12. a3 ({
\/Weiß schwächt eher seinen Damenflügel, ohne was Konkretes zu erzielen.
Natürlicher war} 12. Rc1) 12... a5 {Schwarz verzichtet auf c5, um dem Bb2
keine aktive Zukunft zu geben.} 13. e3 Rb8 {Da ich für Weiß keinen besonders
wirksamen nächsten Zug finden konnte, entschied ich mich für einen nützlichen
Wartezug. Falls ich später doch c7-c5 spiele, sollte der Turm auf der b-Linie
eine aktive Rolle spielen.} (13... Ne4 14. Nxe4 dxe4 15. Nd2 {war mir zu
direkt.}) 14. Bf1 {Granda findet einen wirksamen Zug! Nach 14...c5 kommt 15.
Bb5.} Ne4 ({Genauer war es sicher, noch einen nützlichen Zug zu spielen:} 14...
Qe7) 15. Nxe4 ({Nach} 15. Rc1 f5 {gelingt es dem Anziehenden nicht gut, um das
Feld e5 zu kämpfen, man siehe:} 16. Bb5 Rc8 17. Bxd7 $6 Qxd7 18. Ne5 Bxe5 19.
dxe5 Nc5 20. Nf3 Ba6 $36) 15... dxe4 16. Nd2 Bd5 17. Rc1 c6 18. Nb1 ({Ein
gutes Mannöver. Nach} 18. Nc4 Bc7 19. a4 f5 {hat Schwarz sein Zentrum
befestigt und ist bereit, am Königsflügel anzugreifen.}) 18... Qe7 19. a4 Qe6
$6 {Der Damenausfall nach h3 bringt überhaupt nichts, da Weiß die einzigen
Drohungen leicht abwehren kann.} (19... f5 {war besser, mit der Idee} 20. Nc3
Bf7 21. Bc4 Rbc8 $15) 20. Bc4 Qh3 ({Mein Computer will hier und in den
nächsten Zügen immer auf c4 schlagen:} 20... Bxc4 21. bxc4 Bb4 22. Re2 Qf5 {
Schwarz hat Perspektiven, aber die gegnerische Struktur zu verbessern war kein
Teil meiner Pläne.}) 21. Re2 Nf6 22. Qf1 Qf5 23. Rec2 h5 24. Ba3 ({Nach} 24.
Bxd5 cxd5 25. Rc6 Re6 $13 {steht der Rb8 plötzlich genau richtig!}) 24... Re6
25. Bxd6 Rxd6 26. Nc3 $6 ({Folgerichtiger war hier} 26. Bxd5 cxd5 27. Nc3 h4
28. Nb5 Re6 {, und nun schlägt der Computer das kaltblütige} 29. h3 $1 {vor} (
29. Nc7 Rd6 30. Nb5 Re6 {ist eine von Schwarz unvermeidbare Zugwiederholung})
29... hxg3 {vermutlich die beste Lösung, um die weiße Königsstellung ein
bisschen zu schwächen.} ({Zu nichts führt} 29... Qg6 30. Qg2 $1 Nh7 $140 31.
gxh4 Qh6 32. Rc8+ Rxc8 33. Rxc8+ Nf8 34. Kf1 $16) 30. fxg3 {[%cal Gf1f4]} Qh5
31. Qf4 Rd8 32. Kg2 Ne8 $5 33. g4 $1 (33. Na7 $6 Rf6 34. Qg4 Qh6 $132) 33...
Qh4 34. g5 Qxf4 ({Schwarz muss sich mit diesem unangenehmen Endspiel abfinden,
da} 34... Qh5 35. Rc8 Qe2+ 36. Kg3 (36. Qf2 Qh5 $1) 36... Rxc8 37. Rxc8 Kh7 38.
Qf2 {schlecht ist}) 35. exf4 Nd6 36. Nxd6 (36. Nc7 Rg6 {hält irgendwie:} 37.
Nxd5 Nf5 38. Rc8 Rxc8 39. Rxc8+ Kh7 $132) 36... Rexd6 37. f5 $14 {Weiß ist
viel aktiver und behält daher gute Gewinnchancen}) 26... h4 27. Nxd5 (27. h3 {
war wieder möglich, aber ungenügend zum Vorteil:} hxg3 28. fxg3 Qg6 $132) 27...
Nxd5 28. Bxd5 cxd5 29. Rc6 $6 {Nach diesem Turmtausch gerät Weiß unerwartet in
Schwierigkeiten.} ({Das Gleichgewicht hielt zum Beispiel} 29. Rc7) 29... Rxc6
30. Rxc6 h3 $1 {Da dem weißen König sehr eng wird, kann Schwarz den Kampf um
die c-Linie für sich entscheiden.} 31. Qd1 Qf3 (31... b5 32. axb5 Rxb5 {
ist verlockend, bis man} 33. Rc5 $1 $11 {sieht}) ({Nach} 31... Rc8 32. Qc1 Rxc6
33. Qxc6 Qg4 34. Qc2 {sollte Weiß nicht verlieren:} g6 35. Kf1 Kg7 36. Ke1 Qf3
37. Qc7 $11) 32. Qf1 {Weiß kann sich nicht erlauben, die Damen zu tauschen.}
Qf5 33. Qd1 Qf3 34. Qf1 Qg4 35. f3 $5 {Weiß möchte nicht zusehen, wie Schwarz
seine Stellung mit g6 und Kg7 langsam verstärkt, und ergreift die erste
Gelegenheit, aktiver zu werden.} exf3 36. Kf2 g6 37. Qc1 ({Besser war sicher} 
37. Qd3 Kg7 ({Granda befürchtete wohl} 37... Rc8 38. Rxc8+ Qxc8 39. Kxf3 $15
Qc1 $6 {, aber} 40. Kg4 $1 {rettet den Tag!}) 38. Rc7 $15 {, wonach} Qe4 39.
Qxe4 (39. Qd2 b5 $1 $19) 39... dxe4 40. Re7 Rc8 41. Rxe4 Rc2+ 42. Kxf3 Rxh2 {
zu einem für Schwarz günstigen Turmendspiel führt. Unklar ist aber, ob es zum
Gewinn ausreicht.}) 37... Kg7 (37... b5 $2 {funktioniert nicht wegen} 38. axb5
Rxb5 39. Rc8+ Kg7 40. Qc7 $11) 38. Qc2 Qe4 $1 ({Wieder ist} 38... b5 39. axb5
Rxb5 40. Rc5 {wenig überzeugend.}) 39. Qd1 b5 40. Qxf3 $2 ({Der letzte Zug vor
der Zeitkontrolle erweist sich als fatal. Schwarz sollte aber nach} 40. axb5
Rxb5 41. Rc5 Rb6 $1 {auch gewinnen, man siehe:} 42. Rxa5 Re6 43. Qc1 Qd3 44.
Ra2 Qxb3 45. Rb2 Qa3) 40... bxa4 ({Nach einer kurzen Ruhepause und einigen
Minuten Nachdenken gab Weiß auf. Das Turmendspiel ist tatsächlich hoffnungslos:
} 40... bxa4 41. Qxe4 dxe4 42. bxa4 Rb2+ 43. Kg1 Rg2+ 44. Kh1 Ra2 ({oder} 44...
Re2 45. Kg1 Rxe3) 45. Kg1 Rxa4 46. g4 Ra2 47. d5 a4 48. Ra6 a3 $19) 0-1